Great nationalist of India: Dr. B R Ambedkar (Record no. 394185)

MARC details
000 -LEADER
fixed length control field 00476 a2200181 4500
005 - DATE & TIME
control field 20260108141412.0
008 - FIXED-LENGTH DATA ELEMENTS--GENERAL INFORMATION
fixed length control field 260105b |||||||| |||| 00| 0 eng d
020 ## - ISBN
International Standard Book Number 9789386365385
Price Rs. 895.00
040 ## - CATALOGING SOURCE
Original cataloging agency VIVEKANANDA LIBRARY
082 ## - DDC NUMBER
Classification number 954.035092
Book Number A16S:G
100 ## - MAIN ENTRY--PERSONAL NAME
Personal name Singh, S N
245 ## - TITLE STATEMENT
Title Great nationalist of India: Dr. B R Ambedkar
260 ## - PUBLICATION, DISTRIBUTION, ETC. (IMPRINT)
Place of publication, distribution, etc New Delhi
Name of publisher, distributor, etc Shri Sai Printographers
Date of publication, distribution, etc 2025
300 ## - PHYSICAL DESCRIPTION
Pages 269
650 ## - Subject
Subject History
650 ## - Subject
Subject Indian History
942 ## - ADDED ENTRY ELEMENTS (KOHA)
Koha item type Books
Holdings
Withdrawn status Lost status Source of classification or shelving scheme Damaged status Not for loan Location (home branch) Sublocation or collection (holding branch) Shelving location Date acquired Koha issues (times borrowed) Koha full call number Accession No. Koha date last seen Koha item type
    Dewey Decimal Classification     VIVEKANANDA LIBRARY VIVEKANANDA LIBRARY Dr. Mangal Sen Chair 12/12/2025   954.035092 A16S:G 443614 12/12/2025 Books
© Designed and Maintained by Vivekananda Library, MDU Rohtak